000
00327nam a22001457a 4500
008
210311b ||||| |||| 00| 0 eng d
020
_a
0201119455
041
_a
eng
080
_a
510
082
_a
510
100
_a
36
101
_a
MAT
245
_a
Introduction to Artificial Intelligence
_c
Charniak, E
942
_2
udc
_c
BK
999
_c
56441
_d
56441